000 00629nam a22001937a 4500
999 _c167580
_d167580
005 20190912160935.0
010 _aENG-126463
020 _c339.00
_a978-93-534-3245-4
035 _aEN-109995
037 _bDBAD/PUB
082 _a320.10954
100 _aSingh,Abhay Prasad
245 _aPolitical Process In Contemporary India/
_cAbhay Prasad Singh [and] Krishna Murari
260 _aU.P
_bPearson
_c2019
270 _bNoida
_a15th Floor, Tower-B,World Trade Tower,Plot No. 1, Block-C, Sector 16,,
_e201301
300 _a359p.
_c22cm(pbk)
700 _aMurari ,Krishna
942 _2ddc
_cEN
_h320.10954
_mSIN